000 00223 a2200097 4500
001 58653
100 _a
245 _aPost colonial states in asia
260 _aLahore
_bSang-e-Meel publication
_c1998
090 _c35977
_d35977
942 _aNUST-CAE
_c
_c28865
999 _c293726
_d293726